000 00336nam a2200133Ia 4500
008 210210b1981 xxu||||| |||| 00| 0 eng d
082 _a158 DEMP
100 _aDE MELO (Francis), Ed.
245 _aYou and work students workbook.
260 _aDelhi
_bFrank Bros & co.
_c1981
300 _av,68
690 _aPsychology
906 _a035746
999 _c86204
_d86204